<?xml version="1.0" encoding="UTF-8"?><?xml-stylesheet type="text/xsl" href="static/style.xsl"?><OAI-PMH xmlns="http://www.openarchives.org/OAI/2.0/" xmlns:xsi="http://www.w3.org/2001/XMLSchema-instance" xsi:schemaLocation="http://www.openarchives.org/OAI/2.0/ http://www.openarchives.org/OAI/2.0/OAI-PMH.xsd"><responseDate>2026-06-01T02:00:25Z</responseDate><request verb="GetRecord" identifier="oai:riuma.uma.es:10630/45191" metadataPrefix="marc">https://riuma.uma.es/rest/oai/request</request><GetRecord><record><header><identifier>oai:riuma.uma.es:10630/45191</identifier><datestamp>2026-02-06T00:47:44Z</datestamp><setSpec>com_10630_2254</setSpec><setSpec>col_10630_37959</setSpec></header><metadata><record xmlns="http://www.loc.gov/MARC21/slim" xmlns:dcterms="http://purl.org/dc/terms/" xmlns:doc="http://www.lyncode.com/xoai" xmlns:xsi="http://www.w3.org/2001/XMLSchema-instance" xsi:schemaLocation="http://www.loc.gov/MARC21/slim http://www.loc.gov/standards/marcxml/schema/MARC21slim.xsd">
   <leader>00925njm 22002777a 4500</leader>
   <datafield ind2=" " ind1=" " tag="042">
      <subfield code="a">dc</subfield>
   </datafield>
   <datafield ind2=" " ind1=" " tag="720">
      <subfield code="a">Ruiz Sánchez, Antonio Jesús</subfield>
      <subfield code="e">author</subfield>
   </datafield>
   <datafield ind2=" " ind1=" " tag="720">
      <subfield code="a">López-Guerrero, María del Mar</subfield>
      <subfield code="e">author</subfield>
   </datafield>
   <datafield ind2=" " ind1=" " tag="720">
      <subfield code="a">Olmo Marín, Alba</subfield>
      <subfield code="e">author</subfield>
   </datafield>
   <datafield ind2=" " ind1=" " tag="720">
      <subfield code="a">Sánchez Trujillo, Irene</subfield>
      <subfield code="e">author</subfield>
   </datafield>
   <datafield ind2=" " ind1=" " tag="720">
      <subfield code="a">Vereda-Alonso, Elisa Isabel</subfield>
      <subfield code="e">author</subfield>
   </datafield>
   <datafield ind2=" " ind1=" " tag="260">
      <subfield code="c">2025</subfield>
   </datafield>
   <datafield ind2=" " ind1=" " tag="520">
      <subfield code="a">La valorización de residuos lignocelulósicos como los posos de café (PC) constituye una estrategia sostenible para el desarrollo de materiales funcionales en el ámbito del tratamiento y análisis de aguas. Los PC presentan una matriz porosa rica en grupos funcionales (carboxilo, hidroxilo, etc.) con alta afinidad por especies metálicas. En este estudio se ha diseñado y caracterizado un material compuesto magnético, obtenido mediante la impregnación de nanopartículas de magnetita, Fe₃O₄ (MNPs) sobre PC (MNP-Café) con el fin de emplearlo como adsorbente de metales traza en disoluciones acuosas. La síntesis se llevó a cabo mediante métodos solvotermales, promoviendo la formación in situ y fijación de nanopartículas de magnetita dentro de la estructura tridimensional del residuo orgánico. El material resultante fue caracterizado estructural y morfológicamente mediante difracción de rayos X y microscopía electrónica de barrido y transmisión, confirmando la presencia de nanopartículas de magnetita dentro de la matriz orgánica. La eficiencia de la adsorción del MNP-Café se evaluó frente a diversos cationes metálicos en función del pH, observándose un comportamiento dependiente del valor de pH y una alta capacidad de retención para distintos iones evaluados. La funcionalidad magnética del material permitió su recuperación rápida mediante separación externa. Los resultados sugieren que el MNP-Café constituye una alternativa viable y de bajo coste para la preconcentración y eliminación de metales en procesos de análisis y tratamiento de aguas.
Agradecimientos: Los autores agradecen al Ministerio de Ciencia e Innovación (Proyecto PID2021-126794OB100) y a la Junta de Andalucía (Proyecto FQM-117-G-FEDER) por su apoyo financiero.</subfield>
   </datafield>
   <datafield ind1="8" ind2=" " tag="024">
      <subfield code="a">https://hdl.handle.net/10630/45191</subfield>
   </datafield>
   <datafield tag="653" ind2=" " ind1=" ">
      <subfield code="a">Agua - Purificación</subfield>
   </datafield>
   <datafield tag="653" ind2=" " ind1=" ">
      <subfield code="a">Nanocelulosa</subfield>
   </datafield>
   <datafield ind2="0" ind1="0" tag="245">
      <subfield code="a">Material compuesto de posos de café y magnetita para la adsorción de metales en matrices acuosas.</subfield>
   </datafield>
</record>
</metadata></record></GetRecord></OAI-PMH>